Which country became Independent at this date? - Statistics

General Stats
  • This quiz has been taken 14 times
  • The average score is 7 of 15
Answer Stats
Hint Answer % Correct
24 May 1991 from Ethiopia Eritrea
100%
17 June 1944 from Denmark Iceland
75%
29 December 1911 from China Mongolia
75%
25 June 1975 from Portugal Mozambique
58%
6 December 1917 from Russia Finland
50%
1 October 1994 from USA Palau
50%
16 September 1975 from Australia Papua New Guinea
50%
6 August 1825 from Spain Bolivia
33%
23 February 1984 from UK Brunei
33%
1 July 1962 from Belgium Burundi
33%
5 July 1975 from Portugal Cape Verde
33%
11 August 1960 from France Chad
33%
15 September 1821 from Spain Costa Rica
33%
1 October 1960 from UK Cyprus
25%
10 July 1973 from UK Bahamas
17%
No matching quizzes found
Score Distribution
Percent of People with Each Score
Percentile by Number Answered
Your Score History
You have not taken this quiz